Famous People Named Nelson or Nielsen - Statistics

General Stats
  • This quiz has been taken 142 times
  • The average score is 6 of 12
Answer Stats
Life Hint Person % Correct
1918–2013 Anti-apartheid revolutionary who was first president of South Africa Nelson Mandela
87%
1933– Red Headed Stranger country singer who is a pro-marijuana activist Willie Nelson
69%
1758–1805 Brought about decisive British naval victories during the Napoleonic Wars Horatio Nelson
64%
1926–2010 Deadpan comedian of Airplane! and The Naked Gun Leslie Nielsen
63%
1959– Brat Pack member of The Breakfast Club and St. Elmo's Fire Judd Nelson
45%
1908–1979 Businessman who was 41st U.S. vice president from 1974 to 1977 Nelson Rockefeller
43%
1944– Known as the title character in Coach and the father in Poltergeist Craig T. Nelson
34%
1940–1985 Had 53 songs on the top 100 between 1957 and 1973, like "Poor Little Fool" Ricky Nelson
34%
Fictional Housekeeper to the Brady Bunch, portrayed by Ann B. Davis Alice Nelson
33%
1941–1994 Singer known for "Without You", "Coconut", "Everybody's Talkin'", and "One" Harry Nilsson
32%
Fictional School bully from The Simpsons who mocks "Ha ha!" Nelson Muntz
30%
1964– Three-named modern character actor in O Brother, Where Art Thou? Tim Blake Nelson
20%
No matching quizzes found
Score Distribution
Percent of People with Each Score
Percentile by Number Answered
Your Score History
You have not taken this quiz